Länder mit Amtssprache Englisch - Statistiken

Allgemein
  • Dieses Quiz wurde 393 mal gespielt
  • Das Durchschnittsergebnis liegt bei 40 aus 54
Antwortstatistiken
Länder % Korrekt
Vereinigte Staaten
98%
Vereinigtes Königreich
97%
Kanada
95%
Australien
94%
Irland
94%
Neuseeland
90%
Südafrika
88%
Fidschi
81%
Bahamas
80%
Barbados
80%
Indien
80%
Antigua und Barbuda
79%
Jamaika
79%
Namibia
79%
St. Kitts und Nevis
79%
St. Lucia
78%
Trinidad und Tobago
78%
Palau
77%
Samoa
77%
Tonga
77%
Kenia
76%
Marshallinseln
76%
St. Vincent und die Grenadinen
76%
Tuvalu
76%
Belize
75%
Nauru
75%
Nigeria
75%
Simbabwe
75%
Tansania
75%
Grenada
74%
Kiribati
74%
Sambia
74%
Dominica
73%
Ghana
72%
Lesotho
72%
Seychellen
72%
Uganda
72%
Vanuatu
72%
Mikronesien
71%
Salomonen
71%
Botswana
70%
Ruanda
69%
Gambia
67%
Singapur
67%
Malawi
65%
Kamerun
64%
Malta
64%
Papua-Neuguinea
64%
Sierra Leone
64%
Guyana
62%
Pakistan
59%
Südsudan
55%
Swasiland
55%
Philippinen
47%
Keine übereinstimmenden Quizze gefunden
Verteilung der Resultate
Anzahl Personen mit jedem Resultat
Perzentil nach korrekt beantworteten Fragen
Ihre Resultats-Entwicklung
Sie haben dieses Quiz noch nicht gespielt